|
|
|
|
| LEADER |
00000nab a2200000 a 4500 |
| 001 |
vtls000905711 |
| 003 |
SK-MaSNL |
| 005 |
20260302172207.0 |
| 008 |
040720e20000000xo 0 slo |
| 035 |
|
|
|a KE14658
|
| 040 |
|
|
|a KEVKJB
|b slo
|c KEVKJB
|e AACR2
|
| 041 |
0 |
|
|a slo
|
| 044 |
|
|
|a xo
|c SK
|
| 080 |
|
|
|a 061.25(437.1)(=850)
|2 1981
|
| 245 |
0 |
0 |
|a Z činnosti deseti regionálních
|
| 300 |
|
|
|b 1 obr.
|
| 610 |
2 |
7 |
|a Český spolok na Slovensku (Košice, Slovensko)
|2 KEVKJB
|9 29737
|
| 610 |
2 |
7 |
|a ČSnS
|2 KEVKJB
|9 877437
|
| 650 |
0 |
7 |
|a organizácie regionálne
|2 KEVKJB
|9 877688
|
| 650 |
0 |
7 |
|a aktivity
|2 KEVKJB
|9 372560
|
| 650 |
0 |
7 |
|a informácie
|2 KEVKJB
|9 1285
|
| 651 |
|
7 |
|a Poprad (Slovensko)
|2 KEVKJB
|9 20155
|
| 651 |
|
7 |
|a Košice (Slovensko)
|2 KEVKJB
|9 18694
|
| 651 |
|
7 |
|a KE,
|2 KEVKJB
|9 877256
|
| 655 |
|
7 |
|a periodikum
|2 snkbucl
|9 29553
|
| 710 |
2 |
|
|a Český spolok na Slovensku (Košice, Slovensko)
|4 aut
|9 29737
|
| 773 |
0 |
8 |
|t Česká beseda
|g Roč. 6, č.7-8 (2000), s. 22
|x 1335-549X
|
| 852 |
|
|
|a ZVYKNI
|b KIS3GCP
|
| 999 |
|
|
|c 1398133
|d 1400063
|